000 01298nam0a22002771 4500
001 rc\4220913
005 20260406202702.0
021 _aRU
_b[62-10012]
035 _a(NLR Aleph) 008458662
090 _a7855113
_c7855113
100 _a20130416d1962 |||y0rusy50 ca
101 0 _arus
102 _aRU
105 _ac z |||||
200 1 _aРабота библиотеки в свете решений XXII съезда КПСС
_e(Из опыта работы сел. б-ки 4 отд-ния Пугачевского совхоза Бурлин. района Зап.-Казахст. обл.)
_fЗап.-Казахст. обл. упр. культуры. Зап.-Казахаст. обл. б-ка им. Н.К. Крупской
210 _aУральск
_cБ. и.
_d1962
215 _a10 с.
_cпортр.
_d19
300 _aСост. указан на обороте тит. л.
606 _aБиблиотеки сельские
_yЗападно-Казахстанская область
_2psbo
700 1 _aАгеева
_bР.В.
_4220
712 0 2 _aУральская областная библиотека им. Н. К. Крупской
_3RU\NLR\AUTH\889962657
_9421626
801 0 _aRU
_bNLR
_gpsbo
801 1 _aRU
_bELAR
_2rusmarc
852 _aNLR
_jБ 6650/А239
942 _cBOOK
980 _aNB